ABC's of the human mind : (Record no. 6946)

MARC details
000 -LEADER
fixed length control field 00738pam a2200229 a 4500
001 - CONTROL NUMBER
control field 2454482
003 - CONTROL NUMBER IDENTIFIER
control field GBCCL
005 - DATE AND TIME OF LATEST TRANSACTION
control field 20241126110615.0
008 - FIXED-LENGTH DATA ELEMENTS--GENERAL INFORMATION
fixed length control field 890913s1990 nyua 001 0 eng
010 ## -
-- 89036711
020 ## - INTERNATIONAL STANDARD BOOK NUMBER
International Standard Book Number 0895773457 :
Terms of availability $23.97
040 ## - CATALOGING SOURCE
Original cataloging agency DLC
Transcribing agency DLC
Modifying agency DLC
050 00 -
-- BF145
-- .A23 1990
082 00 - DEWEY DECIMAL CLASSIFICATION NUMBER
Classification number 150
Edition information 20
Item number REA
245 00 - TITLE STATEMENT
Title ABC's of the human mind :
Remainder of title a family answer book.
260 ## - PUBLICATION, DISTRIBUTION, ETC.
Place of publication, distribution, etc. Pleasantville, N.Y. :
Name of publisher, distributor, etc. Reader's Digest Association,
Date of publication, distribution, etc. c1990.
300 ## - PHYSICAL DESCRIPTION
Extent 336 p. :
Other physical details ill. (some col.) ;
Dimensions 29 cm.
650 #0 - SUBJECT ADDED ENTRY--TOPICAL TERM
Topical term or geographic name entry element Psychology
General subdivision Miscellanea.
9 (RLIN) 12374
906 ## - LOCAL DATA ELEMENT F, LDF (RLIN)
a 7
b cbc
c orignew
d 1
e ocip
f 19
g y-gencatlg
942 ## - ADDED ENTRY ELEMENTS (KOHA)
Source of classification or shelving scheme Dewey Decimal Classification
Koha item type Reference Books
Holdings
Withdrawn status Lost status Source of classification or shelving scheme Damaged status Not for loan Home library Current Library Shelving location Date acquired Total checkouts Full call number Barcode Date last seen Copy number Price effective from Koha item type
    Dewey Decimal Classification     GRACE BIBLE COLLEGE GRACE BIBLE COLLEGE Encyclopedia 2018-07-04   150 REA 003459 2025-05-01 c.1 2018-07-04 Reference Books
© Grace Bible College Library 2025